The Secret garden / (Record no. 7575)
[ view plain ]
| 000 -LEADER | |
|---|---|
| fixed length control field | 00602nam a22002057a 4500 |
| 003 - CONTROL NUMBER IDENTIFIER | |
| control field | OSt |
| 005 - DATE AND TIME OF LATEST TRANSACTION | |
| control field | 20140310181937.0 |
| 008 - FIXED-LENGTH DATA ELEMENTS--GENERAL INFORMATION | |
| fixed length control field | 130724t xxu||||| |||| 00| 0 eng d |
| 020 ## - INTERNATIONAL STANDARD BOOK NUMBER | |
| International Standard Book Number | 0590433466 |
| 050 ## - LIBRARY OF CONGRESS CALL NUMBER | |
| Classification number | PZ 7 |
| Item number | .B964 [ca. 1990] |
| 082 ## - DEWEY DECIMAL CLASSIFICATION NUMBER | |
| Classification number | CLA |
| Item number | B93s 19-- |
| 100 ## - MAIN ENTRY--PERSONAL NAME | |
| Personal name | Burnett, Frances Hodgson |
| 9 (RLIN) | 3271 |
| 245 ## - TITLE STATEMENT | |
| Title | The Secret garden / |
| Statement of responsibility, etc | Frances Hodgson Burnett. |
| 260 ## - PUBLICATION, DISTRIBUTION, ETC. (IMPRINT) | |
| Place of publication, distribution, etc | New York : |
| Name of publisher, distributor, etc | Scholastic Inc, |
| Date of publication, distribution, etc | 19-- |
| 650 ## - SUBJECT ADDED ENTRY--TOPICAL TERM | |
| Topical term or geographic name as entry element | Secrets |
| General subdivision | Fiction |
| 9 (RLIN) | 3463 |
| 650 ## - SUBJECT ADDED ENTRY--TOPICAL TERM | |
| Topical term or geographic name as entry element | Child stories |
| 9 (RLIN) | 3464 |
| 650 ## - SUBJECT ADDED ENTRY--TOPICAL TERM | |
| Topical term or geographic name as entry element | Happiness |
| General subdivision | Fiction |
| 9 (RLIN) | 3465 |
| 700 ## - ADDED ENTRY--PERSONAL NAME | |
| Personal name | Burnett, Frances Hodgson |
| 9 (RLIN) | 3271 |
| 942 ## - ADDED ENTRY ELEMENTS (KOHA) | |
| Source of classification or shelving scheme | Library of Congress Classification |
| Koha item type | |
| Call number prefix | |
| Withdrawn status | Lost status | Source of classification or shelving scheme | Damaged status | Home library | Current library | Shelving location | Date acquired | Total Checkouts | Total Renewals | Full call number | Barcode | Date last seen | Date checked out | Copy number | Price effective from | Koha item type |
|---|---|---|---|---|---|---|---|---|---|---|---|---|---|---|---|---|
| Library of Congress Classification | Luxembourg Library | Luxembourg Library | Classic Section | 07/24/2013 | 2 | 1 | PZ 7 .B964 [ca.1990] | 3895 | 05/21/2025 | 05/07/2025 | 1 | 07/24/2013 | Books |